| 000 | 00836nam a22002177a 4500 | ||
|---|---|---|---|
| 003 | OSt | ||
| 005 | 20260317034613.0 | ||
| 008 | 260317b |||||||| |||| 00| 0 eng d | ||
| 020 | _a978-0-545-30742-0 | ||
| 040 |
_aDWCL GS lib _cOC |
||
| 082 | _aS856c 2011 | ||
| 100 | _aSTILTON, GERONIMO | ||
| 245 |
_aCreepella von cacklefur: the thirteen ghosts _cGERONIMO STILTON |
||
| 260 |
_aNew York _bScholastic Inc _c2011 |
||
| 300 |
_a111 p _c19 cm |
||
| 520 | _aspooky journalist Creepella and her timid friend Billy Squeakspeare explore the haunted Squeakspeare Mansion to uncover the mystery of twelve ghosts. | ||
| 650 | _athe book follows her adventures as she investigates the haunted Squeakspeare Mansion | ||
| 650 | _a embracing individuality, and the importance of teamwork. | ||
| 700 | _aGERONIMO STILTON | ||
| 942 |
_2ddc _cFIC. _n0 |
||
| 999 |
_c9215 _d9215 |
||